Prehistoria de la región pampeana sur /
Guardado en:
| Autor Principal: | |
|---|---|
| Formato: | Libro |
| Idioma: | Spanish |
| Publicado: |
Bahía Blanca :
Universidad Nacional del Sur, Extensión Cultural,
[1968]
|
| Series: | Serie: Las Raíces
|
| Etiquetas: |
Agregar Etiqueta
Sin Etiquetas, Sea el primero en etiquetar este registro!
|
| LEADER | 00520nam a22001455a 4500 | ||
|---|---|---|---|
| 001 | EEA.libagro000806 | ||
| 008 | 130809s1968####ag############000#0#spa#d | ||
| 005 | 20191025102026.0 | ||
| 245 | 1 | 0 | |a Prehistoria de la región pampeana sur / |c por Antonio G. Austral. |
| 260 | |a Bahía Blanca : |b Universidad Nacional del Sur, Extensión Cultural, |c [1968] | ||
| 300 | |a 22 p. ; |c 20 cm. | ||
| 490 | 1 | |a Serie: Las Raíces | |
| 100 | 1 | |a Austral, Antonio G. | |
| 082 | 0 | 4 | |a 930.10982 |
| 859 | |a AR-BbBCA |b BIB. AGRONOMIA |h 930.10982 |i A938 |p 1974/0069 | ||
